| 000 | 01429cam a2200349 a 4500 | ||
|---|---|---|---|
| 001 | EDZ0000063642 | ||
| 003 | StDuBDS | ||
| 005 | 20161031105106.0 | ||
| 006 | m||||||||d|||||||| | ||
| 007 | cr ||||||||||| | ||
| 008 | 120319s2005 caua fo| 001|0|eng|d | ||
| 020 |
_a9781452232393 (ebook) : _cNo price |
||
| 040 |
_aStDuBDS _beng _cStDuBDS _epn |
||
| 049 | _aAlfaisal Main Library | ||
| 050 | 0 |
_aHQ782 _b.C438 2005 |
|
| 082 | 0 | 4 |
_a649.5 _223 |
| 245 | 0 | 0 |
_aChildren's play _h[electronic resource] / _cW. George Scarlett ... [et al.]. |
| 260 |
_aThousand Oaks, [Calif.] ; _aLondon : _bSAGE, _cc2005. |
||
| 300 |
_a1 online resource (xiii, 279 p.) : _bill. |
||
| 504 | _aIncludes bibliographical references and index. | ||
| 520 | 8 | _a'Children's Play' explores the many facets of play and how it develops from infancy through late childhood. The authors discuss major revolutions in the way the children of today engage in play, including changes in organised youth sports children's humour, and electronic play. | |
| 521 | _aSpecialized. | ||
| 588 | _aDescription based on print version record. | ||
| 650 | 0 | _aPlay. | |
| 650 | 0 | _aChild development. | |
| 655 | 7 |
_aElectronic books. _2local |
|
| 700 | 1 | _aScarlett, W. George. | |
| 710 | 2 | _aSage eBooks | |
| 776 | 0 | 8 |
_iPrint version : _z9780761929994 |
| 856 | 4 | 0 | _uhttp://ezproxy.alfaisal.edu/login?url=http://sk.sagepub.com/books/childrens-play |
| 942 |
_2lcc _cEBOOKS |
||
| 999 |
_c479188 _d479188 |
||